<?xml version="1.0" encoding="UTF-8"?>
<record
    xmlns:xsi="http://www.w3.org/2001/XMLSchema-instance"
    xsi:schemaLocation="http://www.loc.gov/MARC21/slim http://www.loc.gov/standards/marcxml/schema/MARC21slim.xsd"
    xmlns="http://www.loc.gov/MARC21/slim">

  <leader>01876nam a2200301 i 4500</leader>
  <controlfield tag="001">193990</controlfield>
  <controlfield tag="003">SpMaBN</controlfield>
  <controlfield tag="005">20250518063241.0</controlfield>
  <controlfield tag="008">240209s2023    sp     | |||| 000   spa  </controlfield>
  <datafield tag="015" ind1=" " ind2=" ">
    <subfield code="a">MON23</subfield>
  </datafield>
  <datafield tag="017" ind1=" " ind2=" ">
    <subfield code="a">M 28726-2023</subfield>
    <subfield code="b">Oficina Dep&#xF3;sito Legal Madrid</subfield>
  </datafield>
  <datafield tag="020" ind1=" " ind2=" ">
    <subfield code="a">9788430989188</subfield>
  </datafield>
  <datafield tag="040" ind1=" " ind2=" ">
    <subfield code="a">SpMaBN</subfield>
    <subfield code="b">spa</subfield>
    <subfield code="c">SpMaBN</subfield>
    <subfield code="e">rda</subfield>
  </datafield>
  <datafield tag="245" ind1=" " ind2=" ">
    <subfield code="a">El futuro de la Cuba postrevolucionaria /</subfield>
    <subfield code="c">Susanne Gratius, Mat&#xED;as Mongan (coordinadores).</subfield>
  </datafield>
  <datafield tag="260" ind1=" " ind2=" ">
    <subfield code="a">Madrid :</subfield>
    <subfield code="b">Editorial Tecnos,</subfield>
    <subfield code="c">2023</subfield>
  </datafield>
  <datafield tag="300" ind1=" " ind2=" ">
    <subfield code="a">343 p&#xE1;g. ;</subfield>
    <subfield code="c">23 cm</subfield>
  </datafield>
  <datafield tag="336" ind1=" " ind2=" ">
    <subfield code="a">Texto</subfield>
    <subfield code="2">rdacontent</subfield>
  </datafield>
  <datafield tag="337" ind1=" " ind2=" ">
    <subfield code="a">sin mediaci&#xF3;n</subfield>
    <subfield code="2">rdamedia</subfield>
  </datafield>
  <datafield tag="338" ind1=" " ind2=" ">
    <subfield code="a">volumen</subfield>
    <subfield code="2">rdacarrier</subfield>
  </datafield>
  <datafield tag="520" ind1=" " ind2=" ">
    <subfield code="a">Desde 2018, cu&#xE1;ndo Miguel D&#xED;az-Canel asumi&#xF3; la presidencia para sustituir a Ra&#xFA;l Castro, Cuba ha entrado en la postrevoluci&#xF3;n. El cambio generacional y el fin del Castrismo marca un antes y despues en la Isla. Las protestas ciudadanas del 11 de julio de 2021 se&#xF1;alaron una creciente "latinoamericanizaci&#xF3;n" de Cuba y el fin de los logros sociales de la Revoluci&#xF3;n que est&#xE1; entrando en su &#xFA;ltima fase. No obstante, la transici&#xF3;n democr&#xE1;tica sigue bloqueada, entre otros por el longevo embargo de EE.UU. Este libro, escrito por un grupo de autores y autoras de Europa y Cuba, analiza, desde un enfoque multidisciplinar, la situaci&#xF3;n pol&#xED;tica, econ&#xF3;mica, social e internacional de la Isla para desarrollar y discutir diferentes escenarios de futuro.</subfield>
  </datafield>
  <datafield tag="651" ind1=" " ind2="4">
    <subfield code="9">8094</subfield>
    <subfield code="a">Cuba-</subfield>
    <subfield code="x">Historia</subfield>
  </datafield>
  <datafield tag="852" ind1=" " ind2=" ">
    <subfield code="a">ES-MaACL</subfield>
    <subfield code="b">R.155009</subfield>
    <subfield code="c">DEPOJ</subfield>
    <subfield code="j">N-9790</subfield>
    <subfield code="x">Encuadernaci&#xF3;n r&#xFA;stica con solapas</subfield>
    <subfield code="h">Donaci&#xF3;n: Editorial</subfield>
    <subfield code="9">205562</subfield>
  </datafield>
  <datafield tag="942" ind1=" " ind2=" ">
    <subfield code="c">MONOGRAFIA</subfield>
    <subfield code="n">0</subfield>
  </datafield>
  <datafield tag="999" ind1=" " ind2=" ">
    <subfield code="c">193990</subfield>
    <subfield code="d">193990</subfield>
  </datafield>
  <datafield tag="952" ind1=" " ind2=" ">
    <subfield code="0">0</subfield>
    <subfield code="1">0</subfield>
    <subfield code="2">udc</subfield>
    <subfield code="4">0</subfield>
    <subfield code="7">0</subfield>
    <subfield code="a">ATENEOM</subfield>
    <subfield code="b">ATENEOM</subfield>
    <subfield code="c">DEPOJ</subfield>
    <subfield code="d">2025-05-16</subfield>
    <subfield code="e">DONACION</subfield>
    <subfield code="l">0</subfield>
    <subfield code="o">N-9790</subfield>
    <subfield code="p">101230099</subfield>
    <subfield code="r">2025-05-16 00:00:00</subfield>
    <subfield code="w">2025-05-16</subfield>
    <subfield code="y">MONOGRAFIA</subfield>
  </datafield>
</record>
